Fêtes mobiles de la tradition chrétienne - Statistiques

Statistiques générales
  • Ce quiz a été pris 30 fois
  • Le résultat moyen est 7 sur 11
Statistiques - réponses
Evenements commémoré Fête % Correct
Célébration de la résurrection du Christ, c’est la fête centrale du christianisme. Pâques
96%
40 jours après Pâques, commémore l’élévation du Christ au ciel. Ascension
81%
50 jours après Pâques, célèbre la venue du Saint-Esprit sur les apôtres. Pentecôte
81%
Dernier jour où le chrétien mange à sa faim, grassement et en quantité. Précède le mercredi des cendres et donc le carême. Mardi gras
74%
Semaine Sainte : Crucifixion de Jésus Vendredi Saint
74%
Jour de pénitence qui marque le début du carême, qui va durer 40 jours. Mercredi des Cendres
70%
Semaine Sainte : Institution de l’Eucharistie Jeudi Saint
56%
Semaine Sainte : Veille de Pâques Samedi Saint
56%
Semaine Sainte : Entrée de Jésus à Jérusalem Dimanche des Rameaux
44%
Le jeudi qui suit la Trinité, fête du Saint-Sacrement. Fête-Dieu
19%
Le dimanche suivant la Pentecôte, consacre la doctrine de la Trinité. Trinité
15%
Aucun quiz correspondant
Distribution des résultats
% des personnes avec chaque résultat
Percentile par nombre de réponses
Votre historique - résultats
Vous n’avez pas pris ce quiz